000 00885cam a2200241 4500
001 ABS62657
008 000000n2000 000 0 eng u
035 _a(Sirsi) u107339
100 _aBolton, G.
245 _aTo protect and serve everyone' s needs
260 _c2000
490 _aPlanning (for the Natural and Built Environment)
_v(1376) 7 July 2000, 14-15(2)
520 _aStates that it is in the interest of both consultants and clients that there is compulsory professional indemnity insurance (PII) to help the RTPI regulate the conduct of its members. Considers the proposed PII regulations.
590 _aABS
650 _aPROFESSIONAL INDEMNITY INSURANCE
650 _aRTPI
650 _aCONDUCT
650 _aCONSULTANCY SERVICES
650 _aRICS
650 _aLITIGATION
690 _aMANAGEMENT-BUSINESS MANAGEMENT-PROFESSIONAL PRACTICE
942 _n0
999 _c64177
_d64177